Регионална библиотека "Любен Каравелов" - Русе

Всекидневни сонети (Запис номер 163305)

MARC детайли
000 -Лидер
Контролно поле с фиксирана дължина 01201nam a2200301 c 4500
003 - Код на организацията, давaща контролен номер
Контролно поле BLK
005 - Дата и час на последна редакция
Контролно поле 20180422113917.0
008 - Елементи от данни с фиксирана дължина
fixed length control field 180410b bul|||||r ||||||| ||bul||
010 ## - Наследен системен номер
LC control number KNG00170711000
020 ## - Международен стандартен номер на книга ISBN
Международен стандартен номер на книга ISBN 954-443-094-6
-- издат.: Бълг. писател
040 ## - Източник на каталожния запис
Идентификатор на билиотеката - собственик на записа BLK
041 ## - Код за език
Код за езика на текст/звукозапис или на отделно заглавие Български
Код за езика КДБФ Български
080 ## - УДК
Текстов определител УДК Българска литература
УДК код - определител по УДК 821.163.2
УДК определител -193.3
УДК - код + определител 821.163.2-193.3
100 1# - Редна дума - Автор
Автор Стефанов, Димитър
Авторска отговорност първи автор
Автор - информация (биография) Бъчваров, Димитър Стефанов
R(LIN) 363780
139 ## - Редно поле
Редна дума Стефанов, Димитър
Авторски знак Сте - С 75
245 10 - Сведения за заглавието
Заглавие Всекидневни сонети
Редно поле (дума) Димитър Стефанов; * Димитър Стефанов Бъчваров.
257 ## - Страна на издаване
Страна на създаване/издаване България
260 ## - Област на издателските данни
-- София
Име на издателя, разпространителя и проч. Бълг. писател
Година на издаване 1994
300 ## - Физическа характеристика
Страници 111 с.
Размери/Мащаб 20 см
380 ## - Жанр
Жанр Худож. лит.
500 ## - Общи забележки
Забележка Пълното име на авт. е Димитър Стефанов Бъчваров
700 1# - Други автори (авторска отговорност)
Лично име Бъчваров, Димитър Стефанов
Автороска отговорност (Описва отношението между автора и произведението) *
9 (RLIN) 367462
852 ## - Местоположение
Форматна сигнатура Цб 181626
856 4# - Електронен адрес и достъп
Електронен формат pdf - файл
Път до файла /url/
856 4# - Електронен адрес и достъп
Електронен формат pdf - файл
Път до файла /url/
942 ## - АРТИКУЛИ
Вид на библиотечния материал Книги
Скрит в OPAC Не
944 ## - СЪЗДАВАНЕ И РЕДАКЦИЯ на ЗАПИСА
Създаване/Редакция Създаване
Дата на регистрацията/редакция 02.02.2015
Служител, извършил регистрацията/редакцията Симона_Петрова
944 ## - СЪЗДАВАНЕ И РЕДАКЦИЯ на ЗАПИСА
Създаване/Редакция Редакция
Дата на регистрацията/редакция 02.02.2015
Служител, извършил регистрацията/редакцията Симона_Петрова
999 ## - СИСТЕМНИ КОНТРОЛНИ НОМЕРА
Koha biblionumber 163305
Koha biblioitemnumber 163305
Наличности
Код за отписване Код за изгубен артикул Източник на класификационната схема Код за повреда Коз за рестрикции Код за отдаване Артикулен № Име на библиотеката - собственик Име на библиотеката, в която се намира в момента Статус (Текущо местоположение) Дата на вписване в системата Местоположение - отдел Цена в лева Инвентарен номер Систематично азбучна сигнатура Баркод Номер на екземпляра Цена в евро Служебна бележка Служебен тип на артикула
  Не е изгубен Universal Decimal Classification Не е повреден без рестрикции ползва се в читалня 273560 Регионална библиотека "Любен Каравелов" Русе Регионална библиотека "Любен Каравелов" Русе Хранилище 1994-01-01 Хранилище 0.50 606999 Цб 181626 120000606999 1 0.26 Дост: Dp Вид: Д N: стар фонд Дата: 01.01.1994 Дата инв: 02.02.2015 Бележки инв: Цб2015 Книги
Vip Innovations Ltd, Rousse, Bulgaria 2025